Kierkegaard's exegetical methodology
| 1. VerfasserIn: | |
|---|---|
| Medienart: | Druck Aufsatz |
| Sprache: | Englisch |
| Verfügbarkeit prüfen: | HBZ Gateway |
| Fernleihe: | Fernleihe für die Fachinformationsdienste |
| Veröffentlicht: |
1990
|
| In: |
Studies in religion
Jahr: 1990, Band: 19, Heft: 3, Seiten: 351-359 |
| normierte Schlagwort(-folgen): | B
Kierkegaard, Søren 1813-1855
|
| weitere Schlagwörter: | B
Exegese
B Kierkegaard, Søren (1813-1855) |
MARC
| LEADER | 00000caa a22000002c 4500 | ||
|---|---|---|---|
| 001 | 1636772625 | ||
| 003 | DE-627 | ||
| 005 | 20220616105457.0 | ||
| 007 | tu | ||
| 008 | 160405s1990 xx ||||| 00| ||eng c | ||
| 035 | |a (DE-627)1636772625 | ||
| 035 | |a (DE-576)464276993 | ||
| 035 | |a (DE-599)BSZ464276993 | ||
| 040 | |a DE-627 |b ger |c DE-627 |e rakwb | ||
| 041 | |a eng | ||
| 084 | |a 0 |2 ssgn | ||
| 084 | |a 1 |2 ssgn | ||
| 100 | 1 | |a Peterson, Elaine |4 aut | |
| 245 | 1 | 0 | |a Kierkegaard's exegetical methodology |
| 264 | 1 | |c 1990 | |
| 336 | |a Text |b txt |2 rdacontent | ||
| 337 | |a ohne Hilfsmittel zu benutzen |b n |2 rdamedia | ||
| 338 | |a Band |b nc |2 rdacarrier | ||
| 600 | 1 | 7 | |0 (DE-588)118562002 |0 (DE-627)133369072 |0 (DE-576)20898786X |a Kierkegaard, Søren |d 1813-1855 |2 gnd |
| 601 | |a Kierkegaard, P. C. | ||
| 601 | |a Methodologie | ||
| 650 | 0 | 7 | |0 (DE-588)4015950-4 |0 (DE-627)104675314 |0 (DE-576)20891434X |a Exegese |2 gnd |
| 689 | 0 | 0 | |d p |0 (DE-588)118562002 |0 (DE-627)133369072 |0 (DE-576)20898786X |2 gnd |a Kierkegaard, Søren |d 1813-1855 |
| 689 | 0 | |5 (DE-627) | |
| 773 | 0 | 8 | |i In |t Studies in religion |d Los Angeles, Calif. [u.a.] : Sage, 1971 |g 19(1990), 3, Seite 351-359 |w (DE-627)166417327 |w (DE-600)184630-9 |w (DE-576)014775611 |x 0008-4298 |7 nnas |
| 773 | 1 | 8 | |g volume:19 |g year:1990 |g number:3 |g pages:351-359 |
| 776 | 1 | |o 10.1177/000842989001900308 | |
| 935 | |a mteo |a BIIN | ||
| 951 | |a AR | ||
| BIB | |a 1 | ||
| ELC | |b 1 | ||
| ITA | |a 1 |t 1 | ||
| LOK | |0 000 xxxxxcx a22 zn 4500 | ||
| LOK | |0 001 3294464924 | ||
| LOK | |0 003 DE-627 | ||
| LOK | |0 004 1636772625 | ||
| LOK | |0 005 20160405111853 | ||
| LOK | |0 008 160404||||||||||||||||ger||||||| | ||
| LOK | |0 040 |a DE-Tue135 |c DE-627 |d DE-Tue135 | ||
| LOK | |0 092 |o n | ||
| LOK | |0 852 |a DE-Tue135 | ||
| LOK | |0 852 1 |9 00 | ||
| LOK | |0 935 |a ixzs |a ixmi | ||
| LOK | |0 939 |a 04-04-16 |b l01 | ||
| LOK | |0 000 xxxxxcx a22 zn 4500 | ||
| LOK | |0 001 3294464932 | ||
| LOK | |0 003 DE-627 | ||
| LOK | |0 004 1636772625 | ||
| LOK | |0 005 20190311213426 | ||
| LOK | |0 008 190311||||||||||||||||ger||||||| | ||
| LOK | |0 035 |a (DE-Tue135-1)178474 | ||
| LOK | |0 040 |a DE-Tue135-1 |c DE-627 |d DE-Tue135-1 | ||
| LOK | |0 852 |a DE-Tue135-1 | ||
| LOK | |0 852 1 |c 21/ZA2154/19/PNE |m p |9 00 | ||
| LOK | |0 852 2 |b UB-Tü |9 00 | ||
| LOK | |0 935 |a iZSA | ||
| LOK | |0 938 |k p | ||
| LOK | |0 938 |l Kierkegaard, Søren * Exegese * Methodik |8 0 | ||
| LOK | |0 939 |a 11-03-19 |b l12 | ||
| ORI | |a SA-MARC-ixtheoa001.raw | ||
| REL | |a 1 | ||
| STA | 0 | 0 | |a Exegesis |
| STB | 0 | 0 | |a Exégèse |
| STC | 0 | 0 | |a Exegesis |
| STD | 0 | 0 | |a Esegesi |
| STE | 0 | 0 | |a 注释,诠释,解经 |
| STF | 0 | 0 | |a 注釋,詮釋,解經 |
| STG | 0 | 0 | |a Exegese |
| STH | 0 | 0 | |a Экзегетика |
| STI | 0 | 0 | |a Εξηγητική,Ερμηνευτική |
| SUB | |a BIB |a REL | ||
| SYA | 0 | 0 | |a Kierkegaard, Søren Aabye,1813-1855,Kierkegaard, S.,1813-1855,Kirkegor, Seren,1813-1855,Kierkegaard, Soeren,1813-1855,K'erkegor,1813-1855,Kierkegaard, Soren Aabye,1813-1855,Kierkegaard, Soren A.,1813-1855,Kierkegaard, Sören A.,1813-1855,Kierkegaard, Søren A.,1813-1855,Kjerkegaard, S.,1813-1855,Kierkegaard, St́ren A.,1813-1855,Kierkegaard, St́ren,1813-1855,Kjerkegor, Seren,1813-1855,Kierkegaard, Soren,1813-1855,Kierkegaard, Sören,1813-1855,Notabene, Nikolaus,1813-1855,Minor, Petrus,1813-1855,Eremita, Victor,1813-1855,Vigilius,Haufniensis,1813-1855,Haufniensis, Vigilius,1813-1855,Climacus, Johannes,1813-1855,Silentio, Johannes de,1813-1855,Johannes,de Silentio,1813-1855,Silentio, Johannes de,1813-1855,Constantius, Constantin,1813-1855,Buchbinder, Hilarius,1813-1855,Bogbinder, Hilarius,1813-1855,Afham, William,1813-1855,Anti-Climacus,1813-1855,Eremita, Viktor,1813-1855,Johannes,Climacus,1813-1855,Notabene, Nicolaus,1813-1855,Inter et inter,1813-1855,Vigilius,1813-1855,Nicolaus Notabene,1813-1855,Kierkegaard, S.A.,1813-1855,Kierkegaard, S. A.,1813-1855 |
| SYE | 0 | 0 | |a Bibelauslegung,Bibelexegese,Biblische Auslegung,Bibelinterpretation,Biblische Exegese,Schriftauslegung |
| SYG | 0 | 0 | |a Kierkegaard, Søren Aabye,1813-1855,Kierkegaard, S.,1813-1855,Kirkegor, Seren,1813-1855,Kierkegaard, Soeren,1813-1855,K'erkegor,1813-1855,Kierkegaard, Soren Aabye,1813-1855,Kierkegaard, Soren A.,1813-1855,Kierkegaard, Sören A.,1813-1855,Kierkegaard, Søren A.,1813-1855,Kjerkegaard, S.,1813-1855,Kierkegaard, St́ren A.,1813-1855,Kierkegaard, St́ren,1813-1855,Kjerkegor, Seren,1813-1855,Kierkegaard, Soren,1813-1855,Kierkegaard, Sören,1813-1855,Notabene, Nikolaus,1813-1855,Minor, Petrus,1813-1855,Eremita, Victor,1813-1855,Vigilius,Haufniensis,1813-1855,Haufniensis, Vigilius,1813-1855,Climacus, Johannes,1813-1855,Silentio, Johannes de,1813-1855,Johannes,de Silentio,1813-1855,Silentio, Johannes de,1813-1855,Constantius, Constantin,1813-1855,Buchbinder, Hilarius,1813-1855,Bogbinder, Hilarius,1813-1855,Afham, William,1813-1855,Anti-Climacus,1813-1855,Eremita, Viktor,1813-1855,Johannes,Climacus,1813-1855,Notabene, Nicolaus,1813-1855,Inter et inter,1813-1855,Vigilius,1813-1855,Nicolaus Notabene,1813-1855,Kierkegaard, S.A.,1813-1855,Kierkegaard, S. A.,1813-1855 |